000 01166cam a2200289 i 4500
003 OSt
005 20260306112624.0
008 260225s2018 ua g b 000 0 ara c
020 _a9789776628168
024 0 _a00000000603541
040 _aSA-JeALM
_bara
_cSA-RiAUC
_erda
050 4 _bS53 2018
082 0 4 _a229.7
_qSA-RiAUC
090 _a229.7
_bغ م ا
100 1 _aالغماري، محمد بن حسن
_eمؤلف.
245 1 0 _aبحوث في إعجاز القرآن وعلومه /
_cمحمد بن حسن الغماري.
264 1 _aمكة المكرمة :
_aجدة. السعودية
_bدار المنارة،
_bدار الفنون.
_c[بين 1900 و1999]
300 _a100 صفحة ؛
_c24 سم.
336 _aنص
_btxt
_2rdacontent
_3كتاب
337 _aبدون وسيط
_bn
_2rdamedia
500 _aاهداء من المؤلف محمد بن حسن الغماري الى الشيخ رحمه الله بتاريخ 27 / 11 / 1417 هـ
630 2 7 _aالقرآن
_xإعجاز علمي
_2aucut
650 7 _aالقرآن والعلم
_2aucsh
730 2 2 _aالقرآن
942 _2ddc
_cBOOK
_n0
949 _aSA-JeALM
_d260225
_uosman123
_n1
999 _c14462
_d14462